| 000 | 00471nam a2200181 a 4500 | ||
|---|---|---|---|
| 001 | 28911 | ||
| 005 | 20180713231855.0 | ||
| 008 | 140415s1987 sp 000 0 spa d | ||
| 020 | _a8423944190 | ||
| 041 | _aspa | ||
| 082 |
_a900.21 _bGOL |
||
| 100 | 1 | _aMANN ALFRED HEUSS, GOLO | |
| 245 | 1 | 0 | _aHISTORIA UNIVERSA EL MUNDO DE HOY I |
| 250 | _a1a ed. | ||
| 260 |
_aESPAÑA : _bESPASA-CALPE, _c1987 |
||
| 300 |
_a423 _c12 x 2 x 18 |
||
| 650 | 1 | 4 | _aHISTORIA |
| 999 |
_c28911 _d28911 |
||